| 000 | 00792nam a2200229 u 4500 | ||
|---|---|---|---|
| 005 | 20241015063734.0 | ||
| 008 | 140122s1999 r 000 0 eng d | ||
| 020 | _a9686914935 | ||
| 035 | _aUPN01000195010 | ||
| 049 | _aCG | ||
| 050 | 4 |
_aJX4321 _bA8.4 |
|
| 245 | 0 | 0 |
_aAsilo diplomático mexicano en el cono sur / _ccoord. Silvia Dutrénit Bielous ; Marcelo Cavarozzi ... [et al.]. |
| 260 |
_aMéxico : _bInstituto de Investigaciones Dr. José María Luis Mora : _bSRE, _c1999. |
||
| 300 | _a157 p. | ||
| 650 | 4 |
_aDERECHO DE ASILO - _zMEXICO _923116 |
|
| 651 | 4 |
_aMéxico _xRelaciones exteriores _914998 |
|
| 650 | 4 |
_aDIPLOMACIA - _zMEXICO _916480 |
|
| 700 | 1 |
_aDutrénit Bielous, Silvia, _ecoord. _940727 |
|
| 700 | 1 |
_aCavarozzi, Marcelo, _ecoaut. |
|
| 905 | _aLibro | ||
| 999 |
_c167111 _d167111 |
||